000 00632nam a2200241Ia 4500
003 OSt
005 20221005125910.0
006 a|||||r|||| 00| 0
007 ta
008 221004b |||||||| |||| 00| 0 eng d
024 _a34951
037 _cTextual
040 _aCRL
_cCRL
_beng
041 _2eng
_aeng
082 _aZ3:801, E12
100 _aOdgers W Blake
_9637281
245 0 _aPrinciples of pleading and practice in civil actions in the high court of justice.
250 _aEd.7
260 _c1912
650 _aLAW
942 _hZ3:801, E12
_cTEXL
_2cc
999 _c1055445
_d1055445